Open Data Biblioteca Nacional de Portugal


República Portuguesa: Ministério da Cultura
Biblioteca Nacional de Portugal

Catálogo da BNP: acesso por Identificadores Unívocos
Registos Bibliográficos associados ao registo de autoridade

Etiqueta de registo: 00000nkm 2200025 450
001 2280504
003 http://id.bnportugal.gov.pt/bib/catbnp/2280504
100 ## $a20260316d1984 m y0pory01030103ba
101 0# $apor
102 ## $aPT
200 1# $a2.º torneio das freguesias em atletismo, 3.ª prova, Venteira (J.F.), Amadora, 29 de abril, 1984$fJunta de Freguesia da Venteira$bVisual gráfico]
210 #9 $aVenteira (Amadora)$cJunta de Freguesia da Venteira,$d1984
215 ## $a1 cartaz$ccolor.$d29,7x21 cm
317 ## $aColeção Madeira Luís
710 02 $aTorneio das Freguesias em Atletismo,$d2,$eVenteira$f1984$31991542
712 01 $aAmadora.$bJunta de Freguesia da Venteira$3248827
801 #0 $aPT$bBN$gRPC
966 ## $lBN$mICONOG$sCT. 6446 P.$x3
971 ## $cCaticonografia9$d20260316
995 ## $aPRR2026

OpendataBNP@bnportugal.pt | Mais informação sobre acesso aos dados BNP